000 00822nam a2200205 a 4500
001 48415
005 20180714032723.0
008 140415s2000 mx 000 0 spa d
020 _a9684445083
041 _aspa
082 _a004
_bREY
100 1 _aREYNOSO CASTELLANOS, ANGELINA TERESITA
245 1 0 _aINTRODUCCION A LAS TECNOLOGIAS DE INFORMACION
250 _a1a ed.
260 _aMEXICO :
_bINSTITUTO TECNOLOGICO AUTONOMO DE MEXICO,
_c2000
300 _a342
_c20.7 x 0.6 x 26.8
490 _aCOLECCION PERIODISMO CULTURAL
520 _aEL OBJETIVO PRINCIPAL DE ESTE TUTORIAL ES QUE EL USUARIO CONOZCA LOS TÓPICOS MÁS IMPORTANTES RELACIONADOS CON LAS TECNOLOGÍAS DE INFORMACIÓN UTILIZADAS COMÚNMENTE, COMO LAS REDES Y LOS SISTEMAS DE INFORMACIÓN.
650 1 4 _aTECNOLOGA DE LA INFORMACIN
999 _c48415
_d48415